| 000 -LEADER |
| fixed length control field |
00738nam a22001217a 4500 |
| 040 ## - CATALOGING SOURCE |
| Transcribing agency |
rua |
| 100 ## - MAIN ENTRY--AUTHOR NAME |
| Personal name |
OR SANITH អោ សានិត |
| 245 ## - TITLE STATEMENT |
| Title |
STUDY ON LAND DISPUTE RESOLUTION OUTSIDE JUDICIAL SYSTEM IN AMPOV PREY COMMUNE, KANDAL STEUNG DISTRICT, KANDAL PROVINE សិក្សាពីការដោះស្រាយវិវាទដីធ្លីក្រៅប្រព័ន្ទតុលាការ ស្ថិតនៅឃុំអំពៅព្រៃ ស្រុកកណ្តាលស្ទឹង ខេត្តកណ្តាល |
| 260 ## - PUBLICATION, DISTRIBUTION, ETC. (IMPRINT) |
| Place of publication |
PHNOM PENH |
| Name of publisher |
RUA |
| Year of publication |
2023 |
| 300 ## - PHYSICAL DESCRIPTION |
| Number of Pages |
VIII.41P |
| Other physical details |
VI. |
| Dimensions |
29CM |
| 856 ## - ELECTRONIC LOCATION AND ACCESS |
| Uniform Resource Identifier |
https://drive.google.com/file/d/1m1ubNR7cnnCVdMdOc9qr-VQ4n-0ntI6f/view?usp=sharing |
| 942 ## - ADDED ENTRY ELEMENTS (KOHA) |
| Koha item type |
LMA |
| 952 ## - LOCATION AND ITEM INFORMATION (KOHA) |
| Withdrawn status [LOCAL, KOHA] |
0 |
| 952 ## - LOCATION AND ITEM INFORMATION (KOHA) |
| Withdrawn status [LOCAL, KOHA] |
0 |
| 952 ## - LOCATION AND ITEM INFORMATION (KOHA) |
| Withdrawn status [LOCAL, KOHA] |
0 |
| 952 ## - LOCATION AND ITEM INFORMATION (KOHA) |
| Withdrawn status [LOCAL, KOHA] |
0 |